7 Langkah baiki diri

Bibliographic Details
Main Author: Pahrol Mohd. Juoi (Author)
Format: Book
Language:Malay
Published: Petaling Jaya : Galeri Ilmu Sdn. Bhd 2019
Edition:First edition
Series:MODUL MUKMIN PROFESSIONAL ; volume 2
Subjects:

MARC

LEADER 00000cam a2200000 7i4500
001 0000029470
005 20241127.0
008 211208 my a may
020 |a 9789830978345 
040 |a INS   |b eng   |e rda 
090 0 0 |a BP174   |b P343 2019 
100 0 |a Pahrol Mohd. Juoi ,   |e author 
245 1 0 |a 7 Langkah baiki diri   |c Pahrol Mohd. Juoi 
250 |a First edition 
264 1 |a Petaling Jaya :   |b Galeri Ilmu Sdn. Bhd   |c 2019 
264 4 |c ©2019 
300 |a xxiv, 336 pages :   |b illustrations ;   |c 22 cm. 
336 |a text  |2 rdacontent 
337 |a unmediated  |2 rdamedia 
338 |a volume  |2 rdacarrier 
490 1 |a MODUL MUKMIN PROFESSIONAL ;   |v volume 2 
650 0 |a Islam   |x Customs and practices 
650 0 |a Muslims   |x Conduct of life 
650 0 |a Religious life   |x Islam 
999 |a 1000004435   |b BOOK   |c Open Shelf   |e Default branch